Sports Quiz

Random Sports or Basketball Quiz

NBA Starters By Team (1980s) Quiz Stats

 Plays Quiz Updated Jan 7, 2016

Challenge
Share
Tweet
Embed
Score 0/135 Timer 15:00
1 Play Today
% Correct
Michael Jordan
94.3%
Magic Johnson
92.2%
Larry Bird
92%
Dennis Johnson
91.7%
Marques Johnson
91.4%
Eddie Johnson
91.4%
Frank Johnson
91.4%
Dominique Wilkins
84.2%
Gerald Wilkins
83.7%
Karl Malone
82.6%
Moses Malone
82.6%
Jeff Malone
82.3%
Kevin McHale
82.1%
Isiah Thomas
81.9%
Robert Parish
79.6%
Kareem Abdul-Jabbar
77.6%
Hakeem Olajuwon
77%
James Worthy
73.7%
Reggie Miller
72.5%
Clyde Drexler
71.6%
Joe Dumars
71.1%
Julius Erving
70.9%
Patrick Ewing
70.8%
Charles Barkley
70.5%
Bill Laimbeer
67.1%
Larry Smith
65.4%
Mark Price
63.2%
Kurt Rambis, AC Green
62.9%
Danny Ainge
62.8%
Alex English
62.5%
Chris Mullin
61.9%
Buck Williams
58.6%
Herb Williams
58.4%
Byron Scott
58.4%
Adrian Dantley
54.9%
Charles Jones
54.1%
Ralph Sampson
54%
Maurice Cheeks
53.6%
Bernard King
52.8%
Albert King
52.6%
Mark Aguirre
51.7%
Brad Daugherty
51.4%
Bill Cartwright
49.8%
Rickey Green
49.7%
Walter Davis
46.6%
% Correct
Brad Davis
46.6%
Terry Porter
46.2%
Larry Nance
44.9%
Mark Eaton
44.5%
Doc Rivers
44%
Kevin Willis
43.4%
Tom Chambers
42.7%
Mychal Thompson
42.1%
LaSalle Thompson
42%
Billy Thompson
42%
Alvin Robertson
41.1%
Rolando Blackman
40.5%
Sidney Moncrief
40.1%
John Paxson
39.2%
Jim Paxson
39.1%
Jack Sikma
39%
Jack Sikma
39%
Muggsy Bogues
37.8%
Rick Mahorn
36%
Rick Mahorn
35.4%
Dale Ellis
35.2%
Artis Gilmore
35.1%
Terry Cummings
34.1%
Tree Rollins
34.1%
Kiki Vandeweghe
32.9%
Kurt Rambis
32.6%
World B Free
31.8%
Pooh Richardson
31.4%
Micheal Ray Richardson
31.4%
Andrew Toney
31.2%
Dan Issel
30.8%
Jeff Hornacek
30.8%
Fat Lever
30.7%
Wayne Cooper
30.4%
Alvan Adams
30.1%
Rony Seikaly
30.1%
Reggie Theus
28.2%
Reggie Theus
28.1%
Kelly Tripucka
26.8%
Kelly Tripucka
26.8%
Tod Murphy
24.8%
Sam Perkins
24.7%
Orlando Woolridge
24.1%
Joe Barry Carroll
23.7%
Chuck Person
23%
% Correct
Otis Thorpe
22.9%
Xavier McDaniel
22.1%
Kevin Edwards
22.1%
Sleepy Floyd
21%
Mike Mitchell
20.8%
Grant Long
20.2%
Norm Nixon
19.5%
JR Reid
18.2%
Nate McMillan
18.1%
Darrell Griffith
18%
James Donaldson
17.5%
Paul Pressey
16%
Purvis Short
15.1%
Tony Campbell
14.6%
Dave Corzine
12.8%
Johnny Moore
12.4%
Vern Fleming
12%
Otis Birdsong
11.4%
Rex Chapman
11.1%
Benoit Benjamin
10.9%
Larry Drew
10.2%
Mike Gminski
10%
Rodney McCray
10%
Michael Cage
9.7%
Alton Lister
9.7%
Sam Vincent
8%
Rory Sparrow
7.9%
Rory Sparrow
7.9%
Randy Wittman
7.7%
Steve Stipanovich
6.9%
TR Dunn
6.7%
Lewis Lloyd
6%
Ken Norman
5.9%
Dave Greenwood
5.5%
Terry Catledge
5.4%
Randy Breuer
5.4%
Allen Leavell
5.3%
Tyrone Corbin
5.1%
Roy Hinson
5%
Greg Ballard
4.4%
Jay Humphries
4%
Gene Banks
3.7%
Jerry Reynolds
3.2%
Phil Hubbard
3.1%
Mark Acres
2.4%

You're not logged in!

Compare scores with friends on all Sporcle quizzes.
Join for Free
OR
Log In

You Might Also Like...

Show Comments

Extras

Top Quizzes Today


Score Distribution

Your Account Isn't Verified!

In order to create a playlist on Sporcle, you need to verify the email address you used during registration. Go to your Sporcle Settings to finish the process.

Report this User

Report this user for behavior that violates our Community Guidelines.

Details: